| 000 | 02119cam a2200493 i 4500 | ||
|---|---|---|---|
| 001 | 22357652 | ||
| 005 | 20250411131926.0 | ||
| 008 | 211221t20222022enkah b 001 0 eng d | ||
| 010 | _a 2021953107 | ||
| 015 |
_aGBC217605 _2bnb |
||
| 016 | 7 |
_a020480731 _2Uk |
|
| 020 |
_a9780192849496 _q(hardcover) |
||
| 020 |
_a0192849492 _q(hardcover) |
||
| 035 | _a(OCoLC)on1273675788 | ||
| 040 |
_aYDX _beng _cYDX _erda _dUKMGB _dOCLCO _dBDX _dOCLCF _dYDX _dJHE _dDLC |
||
| 042 | _alccopycat | ||
| 100 | 1 |
_aBower, Hannah, _d1993- _eauthor. |
|
| 245 | 1 | 0 |
_aMiddle English medical recipes and literary play, 1375-1500 / _cHannah Bower. |
| 250 | _aFirst edition. | ||
| 264 | 1 |
_aOxford, UK : _bOxford University Press, _c2022. |
|
| 264 | 4 | _c©2022 | |
| 300 |
_axii, 259 pages : _billustrations (some color), facsimiles ; _c23 cm. |
||
| 336 |
_atext _2rdacontent |
||
| 337 |
_aunmediated _2rdamedia |
||
| 338 |
_avolume _2rdacarrier |
||
| 490 | 1 | _aOxford English monographs | |
| 504 | _aIncludes bibliographical references (pages 217-252) and index. | ||
| 648 | 7 |
_a1100-1500 _2fast |
|
| 650 | 0 |
_aEnglish literature _yMiddle English, 1100-1500 _xHistory and criticism. |
|
| 650 | 0 | _aMedicine, Medieval, in literature. | |
| 650 | 0 |
_aMedicine _vFormulae, receipts, prescriptions _xEarly works to 1800. |
|
| 650 | 6 |
_aLittérature anglaise _y1100-1500 (Moyen anglais) _xHistoire et critique. |
|
| 650 | 7 |
_aEnglish literature _xMiddle English. _2fast _0(OCoLC)fst01710961 |
|
| 650 | 7 |
_aMedicine. _2fast _0(OCoLC)fst01014893 |
|
| 650 | 7 |
_aMedicine, Medieval, in literature. _2fast _0(OCoLC)fst01015284 |
|
| 655 | 7 |
_aCriticism, interpretation, etc. _2fast _0(OCoLC)fst01411635 |
|
| 655 | 7 |
_aEarly works. _2fast _0(OCoLC)fst01411636 |
|
| 655 | 7 |
_aPrescriptions, formulae, receipts, etc. _2fast _0(OCoLC)fst01424054 |
|
| 830 | 0 | _aOxford English monographs. | |
| 856 |
_uhttps://academic.oup.com/book/41401 _yClick here to Access |
||
| 906 |
_a7 _bcbc _ccopycat _d2 _eepcn _f20 _gy-gencatlg |
||
| 942 |
_2ddc _cOAB |
||
| 999 |
_c213489 _d213489 |
||